| 000 | 00495nam a2200181Ia 4500 | ||
|---|---|---|---|
| 999 |
_c14795 _d14795 |
||
| 003 | OSt | ||
| 005 | 20201020123239.0 | ||
| 008 | 190216s9999||||xx |||||||||||||| ||und|| | ||
| 020 | _a9780826477095 | ||
| 040 | _coclc | ||
| 082 |
_a121 _bRIC/C |
||
| 100 |
_aRicoeur, Paul _95983 |
||
| 245 | 0 |
_aThe Conflict Of Interpretations / _cPaul Ricoeur |
|
| 260 |
_bContinuum , _c2005. _aLondon: |
||
| 300 | _a514p | ||
| 650 | _aEnglish | ||
| 942 |
_cBK _2ddc _h121 _iRIC/C _k121 _mRIC/C |
||